000 00590nam a2200229Ia 4500
003 OSt
005 20220923230741.0
006 a|||||r|||| 00| 0
007 ta
008 Pun
024 _a305,271
037 _cTextual
040 _aARTS
_cARTS
_bPun
041 _2Pun
_aPun
082 _aQ8441:2M9w, 153K6
100 _aਨਰੈਣ ਸਿੰਘ
245 0 _aਕੁਝ ਹਡ ਬੀਤੀ ਕੁਝ ਜਕ ਬੀਤੀ
260 _c1966
650 _aਧਰਮ
942 _hQ8441:2M9w, 153K6
_cTEXL
_2CC
999 _c387074
_d387074